000 00522nam a2200133Ia 4500
008 100328s9999 xx 000 0 und d
082 _b44343
100 _aसोवनी मधुकर विष्णु
245 _aमहाराष्ट्राच्या कालमुद्रा
260 _bनितीन
630 _aमहाराष्ट्राच्या कालमुद्रा
730 _aमहाराष्ट्राच्या कालमुद्रा
942 _cBOOK
999 _c532625
_d532622